000 00765nam a2200229Ia 4500
001 2998
003 GE_BSU
008 181216s||||||||xx |||||||||||||| ||und||
040 _cGE_BSU
080 _a541.1(075.8)
100 _aМелвин-Хьюз,Э.Я.
245 _aФизическая химия: книга 1= PHYSICAL CHEMISTRY.
245 _cПод общ. ред. Я.И.Герасимова.
250 _aПеревод с англ-го: Е.Н.Еремина, О.М.Полторака, Ю.В.Филиппова.
260 _aМ.
260 _bИзд-во иностранной литературы.
260 _c1962.
300 _a520 стр. 27см.
653 _aФизическая химия.
653 _aქიმია
942 _cBK
999 _c37044
_d37044